| 000 | 01670nam a2200265 a 4500 | ||
|---|---|---|---|
| 001 | 38698 | ||
| 003 | BD-RjUL | ||
| 005 | 20211209052838.0 | ||
| 008 | 160209s1995 bg ||||| |||| 00| 0 ben d | ||
| 035 | _a(BD-RjUL)38807 | ||
| 040 |
_aBD-RjUL _beng _cBD-RjUL |
||
| 041 | _aben | ||
| 082 |
_a915.4924 _bBIV 1995 _223 |
||
| 245 | 0 | 0 |
_aবিভাগ গাইড-রাজশাহী / _cসম্পাদক: কাজী রওশন আলী ; সহকারী সম্পাদক: সাইফুদ্দিন চৌধুরী, সরদার আব্দুর রহমান, শফিকুল আলম সৈয়দী ; সহ-সম্পাদক: তসিকুল ইসলাম রাজা ... [এবং অন্যান্য] |
| 260 |
_aনওগাঁ : _bনিউ বিজনেস পোষ্ট পাবলিকেশন, _c১৯৯৫ |
||
| 300 |
_a৩০১ পৃ. : _bচিত্র ; _c২২ সেমি. |
||
| 651 |
_aরাজশাহী _9117733 |
||
| 651 |
_aRajshahi _9117734 |
||
| 700 |
_aআলী, কাজী রওশন, সম্পাদক _9240743 |
||
| 700 |
_a চৌধুরী, সাইফুদ্দিন, সহকারী সম্পাদক _9240744 |
||
| 700 |
_a রহমান, সরদার আব্দুর, যুগ্ম সহকারী সম্পাদক _9240745 |
||
| 700 |
_aসৈয়দী, শফিকুল আলম, যুগ্ম সহকারী সম্পাদক _9119395 |
||
| 700 |
_aরাজা, তসিকুল ইসলাম ... [এবং অন্যান্য], সহ-সম্পাদক _9240746 |
||
| 942 |
_2ddc _cBK |
||
| 999 |
_c38698 _d38698 |
||